Liquor Brands Quiz Stats

 Plays Quiz Updated Sep 19, 2018

Score 0/20 Timer 05:00
0 Plays Today
Type Brand % Correct
American whiskeyJack Daniel's
92.2%
Irish CreamBaileys
82%
VodkaSmirnoff
70.8%
RumCaptain Morgan
69.1%
Canadian whiskyCrown Royal
63.4%
TequilaJose Cuervo
56%
Scotch whiskyJohnnie Walker
54.3%
VodkaAbsolut
51.7%
GinBeefeater
45%
LiqueurJägermeister
43.6%
Type Brand % Correct
LiqueurGoldschläger
39.8%
RumBacardi
38.8%
Irish whiskeyJameson
37.1%
BourbonJim Beam
34.8%
Flavoured rumMalibu
33%
CognacHennessy
29.9%
GinTanqueray
26.9%
LiqueurSouthern Comfort
17.6%
Canadian whiskyCanadian Club
17%
LiqueurGrand Marnier
15.7%

You're not logged in!

Compare scores with friends on all Sporcle quizzes.
OR
Log In

Sporcle TV

Today on Sporcle TV


Watch our educational content, quiz creation guides, and fun videos on Sporcle TV.

Show Comments

Extras

Top Quizzes Today


Score Distribution

Your Account Isn't Verified!

In order to create a playlist on Sporcle, you need to verify the email address you used during registration. Go to your Sporcle Settings to finish the process.

Report this User

Report this user for behavior that violates our Community Guidelines.

Details: